Essential english-spanish and spanish-english legal dictionary

Gespeichert in:
Bibliographische Detailangaben
1. Verfasser: Kaplan, Steven M (VerfasserIn)
Format: Buch
Sprache:Englisch
Veröffentlicht: Austin Wolters Kluwer 2008
Schriftenreihe:Kluwer Law International
Schlagworte:
Tags: Tag hinzufügen
Keine Tags, Fügen Sie den ersten Tag hinzu!

MARC

LEADER 00000nam a2200000 a 4500
001 UCH1668
003 CL-VaPUC
008 090507e20080000US |||||||||||||||||eng|d
020 |a 9789041127372 
082 0 4 |a 340.03  |b KAP  |2 21 
100 |a Kaplan, Steven M  |e author  |9 536116 
245 1 0 |a Essential english-spanish and spanish-english legal dictionary 
300 |a 519 p 
942 |c BK 
945 |d 20090507 00:00:00  |a rbrito 
260 |a Austin  |b Wolters Kluwer  |c 2008 
650 7 |a DERECHO DICCIONARIOS  |2 CL-VaPUC  |9 325969 
650 7 |a DICCIONARIO BILINGUE  |2 CL-VaPUC  |9 504842 
583 |a last modification  |c 20090507 00:00:00  |k Rodrigo Vera 
490 0 |a Kluwer Law International 
999 |c 333583  |d 333581 
952 |0 0  |1 0  |4 0  |6 340_030000000000000_KAP_2008  |7 0  |8 F  |9 422103  |a BIBDER  |b BIBDER  |d 2019-11-22  |i 4548426  |l 1  |o 340.03 KAP 2008  |p 4548426  |r 2024-10-09  |s 2024-10-09  |w 2019-11-22  |y BK_F  |k DER 
952 |0 0  |1 0  |4 0  |6 340_030000000000000_KAP_2008  |7 0  |8 F  |9 422104  |a BIBDER  |b BIBDER  |d 2019-11-22  |i 4548434  |o 340.03 KAP 2008  |p 4548434  |r 2023-01-25  |w 2019-11-22  |y BK_F  |k DER